| 000 | 00531nam a2200193 u 4500 | ||
|---|---|---|---|
| 005 | 20230602063745.0 | ||
| 008 | 100517s2008 mx r 000 0 spa d | ||
| 020 | _a9789705804793 | ||
| 035 | _aUPN01000175857 | ||
| 049 | _aCG | ||
| 050 | 4 |
_aPQ7298.23 O5.5 _bS4.4 |
|
| 100 | 1 |
_aMolina, Silvia, _d1946- _929354 |
|
| 245 | 1 | 0 |
_aEn silencio, la lluvia / _cSilvia Molina. |
| 260 |
_aMéxico : _bAlfaguara, _c2008. |
||
| 300 | _a192 p. | ||
| 650 | 4 |
_aNovela mexicana _94557 |
|
| 650 | 0 |
_aAmor en la literatura _94325 |
|
| 905 | _aLibro | ||
| 999 |
_c147960 _d147960 |
||